Devils kill devils / (Record no. 404483)
[ view plain ]
| 000 -LEADER | |
|---|---|
| fixed length control field | 02078aam a2200385 i 4500 |
| 001 - CONTROL NUMBER | |
| control field | 2024023875 |
| 003 - CONTROL NUMBER IDENTIFIER | |
| control field | DLC |
| 005 - DATE AND TIME OF LATEST TRANSACTION | |
| control field | 20250213130752.0 |
| 008 - FIXED-LENGTH DATA ELEMENTS--GENERAL INFORMATION | |
| fixed length control field | 240524t20242024nyu 000 1 eng d |
| 010 ## - LIBRARY OF CONGRESS CONTROL NUMBER | |
| LC control number | 2024023875 |
| 020 ## - INTERNATIONAL STANDARD BOOK NUMBER | |
| International Standard Book Number | 9781250841681 |
| Qualifying information | (hardcover) |
| 020 ## - INTERNATIONAL STANDARD BOOK NUMBER | |
| International Standard Book Number | 1250841682 |
| Qualifying information | (hardcover) |
| 035 ## - SYSTEM CONTROL NUMBER | |
| System control number | (OCoLC)1414164456 |
| 040 ## - CATALOGING SOURCE | |
| Original cataloging agency | DLC |
| Language of cataloging | eng |
| Description conventions | rda |
| Transcribing agency | DLC |
| Modifying agency | TnLvILS |
| 042 ## - AUTHENTICATION CODE | |
| Authentication code | pcc |
| 092 ## - LOCALLY ASSIGNED DEWEY CALL NUMBER (OCLC) | |
| Classification number | fiction |
| Item number | Compton, Johnny |
| 100 1# - MAIN ENTRY--PERSONAL NAME | |
| Personal name | Compton, Johnny, |
| Relator term | author. |
| 9 (RLIN) | 6461066 |
| 245 10 - TITLE STATEMENT | |
| Title | Devils kill devils / |
| Statement of responsibility, etc | Johnny Compton. |
| 250 ## - EDITION STATEMENT | |
| Edition statement | First U.S. Edition. |
| 250 ## - EDITION STATEMENT | |
| Edition statement | First International Edition. |
| 264 #1 - Production, Publication, Distribution, Manufacture, and Copyright Notice. | |
| Place of production, publication, distribution, manufacture | New York : |
| Name of producer, publisher, distributor, manufacturer | Nightfire, Tor Publishing Group, |
| Date of production, publication, distribution, manufacture, or copyr | 2024. |
| 264 #4 - Production, Publication, Distribution, Manufacture, and Copyright Notice. | |
| Date of production, publication, distribution, manufacture, or copyr | ©2024. |
| 300 ## - PHYSICAL DESCRIPTION | |
| Extent | 288 pages ; |
| Dimensions | 25 cm. |
| 336 ## - Content Type | |
| Content type term | text |
| 337 ## - Media type | |
| Media type term | unmediated |
| 338 ## - Carrier type | |
| Carrier type term | volume |
| 520 ## - SUMMARY, ETC. | |
| Summary, etc | "Devils Kill Devils is perfect for fans of Silvia Moreno-Garcia's Certain Dark Things and Southern gothic horror. Johnny Compton brings his trademark terror and dread that readers fell in love with in The Spite House to a new roster of monsters-angels, devils, vampires-and a heart-pounding race to save the world. When all hell breaks loose, you need a devil on your side Sarita has been watched over by a guardian angel her entire life. She calls him Angelo, and keeps him a secret. But secrets can't stay buried forever... When Angelo murders someone she loves, Sarita begins to see what's really been lurking in the shadows surrounding her. And she will have to embrace the evil within if she hopes to make it out alive. Johnny Compton, critically acclaimed author of The Spite House and master of dread, takes you on a terrifying race of one woman against the hordes of hell. Also by Johnny Compton: The Spite House"-- |
| 650 #0 - SUBJECT ADDED ENTRY--TOPICAL TERM | |
| Topical term or geographic name as entry element | Devil |
| Form subdivision | Fiction. |
| 9 (RLIN) | 5694021 |
| 650 #0 - SUBJECT ADDED ENTRY--TOPICAL TERM | |
| Topical term or geographic name as entry element | Vampires |
| Form subdivision | Fiction. |
| 9 (RLIN) | 5674241 |
| 650 #0 - SUBJECT ADDED ENTRY--TOPICAL TERM | |
| Topical term or geographic name as entry element | Angels |
| Form subdivision | Fiction. |
| 9 (RLIN) | 5688903 |
| 655 #7 - INDEX TERM--GENRE/FORM | |
| Genre/form data or focus term | Gothic fiction. |
| Source of term | lcgft. |
| 9 (RLIN) | 102700 |
| 655 #7 - INDEX TERM--GENRE/FORM | |
| Genre/form data or focus term | Horror fiction. |
| Source of term | lcgft. |
| 655 #7 - INDEX TERM--GENRE/FORM | |
| Genre/form data or focus term | Novels. |
| Source of term | lcgft. |
| 942 ## - ADDED ENTRY ELEMENTS (KOHA) | |
| Source of classification or shelving scheme | Dewey Decimal Classification |
| Koha item type | BOOK |
| Withdrawn status | Lost status | Source of classification or shelving scheme | Damaged status | Not for loan | Collection code | Home library | Current library | Shelving location | Date acquired | Source of acquisition | Total Checkouts | Total Renewals | Full call number | Barcode | Date last seen | Date checked out | Cost, replacement price | Price effective from | Koha item type |
|---|---|---|---|---|---|---|---|---|---|---|---|---|---|---|---|---|---|---|---|
| Dewey Decimal Classification | Fiction | Wasatch County Library | Wasatch County Library | First Floor | 02/13/2025 | Micromarketing | 3 | 3 | F Compton | 34301002110460 | 05/05/2025 | 04/04/2025 | 28.99 | 02/13/2025 | BOOK |
